01488pab a2200145 454500008004000000100002700040245006200067260000900129300001400138362000800152520109200160650002101252700002401273773004501297180718b2007 xxu||||| |||| 00| 0 eng d aPiotrowski, Suzanne J. aCitizen attitudes toward transparency in local government c2007 ap.306-23. aSep aThe proper balance between governmental secrecy and open government is at the forefront of contemporary public debate. Citizens have different degrees of interest in and demand for governmental transparency. Using data from a national online survey of more than 1,800 respondents, we develop several indices to measure citizens' demand for transparency at the local level and explore its correlates. We also examine the correlates of citizens' reported requests for information from local government. The data and analysis suggest that there are several dimensions to the public's demand for transparency, including fiscal, safety, and government concerns, and principled openness. Age, political ideology, confidence in government leaders, frequency of contacting government, and especially the perception that there is currently not enough access to government appear to drive the public's demand for transparency, although determinants differ for each dimension. Some, although not all, of these factors also predict citizens' actual requests for government information. - Reproduced. aLocal government aRyzin, Gregg G. van aAmerican Review of Public Administration